• 首页
  • 本馆介绍
  • 公告通知
  • 最新文献
  • 馆藏检索
  • 电子资源
  • 读者导购
  • 参考咨询
  • 我的图书馆
  • 登录
  • 详细信息显示
  • 放入我的书架
  • 预约/预借图书
  • 作者相关作品
  • 分类相关作品
  • 丛书相关作品
  • 出版社相关作品

书目信息

  • 表格格式
  • 工作单格式
  • 卡片格式
题名:
新时代中国足球运动改革发展的思考
    
 
作者: 赵永峰 著
分册:  
出版信息: 长春   吉林科学技术出版社  2020.03
页数: 184页
开本: 24cm
丛书名:
单 册:
中图分类: G843.92
科图分类:
主题词: 足球运动--zu qiu yun dong--体育改革--研究--中国
电子资源:
ISBN: 978-7-5578-6116-2
000 00981nam0 2200229 450
001 0109110103
005 20201109110334.0
010    @a978-7-5578-6116-2@dCNY80.00
100    @a20200513d2020 em y0chiy50 ea
101 0  @achi
102    @aCN@b220000
105    @aa z 000yy
106    @ar
200 1  @a新时代中国足球运动改革发展的思考@Axin shi dai zhong guo zu qiu yun dong gai ge fa zhan de si kao@f赵永峰著
210    @a长春@c吉林科学技术出版社@d2020.03
215    @a184页@c图@d24cm
330    @a本书共分九章,主要内容包括:足球运动发展概述;新时代足球运动文化的改革与发展;新时代足球运动产业的改革与发展;新时代足球运动教学的改革与发展;新时代足球运动训练的改革与发展;新时代足球运动员体能发展研究;新时代足球运动员技战术能力发展研究;新时代中国足球改革发展的整体思考等。
606 0  @a足球运动@Azu qiu yun dong@x体育改革@x研究@y中国
690    @aG843.92@v5
701  0 @a赵永峰@Azhao yong feng@4著
801  0 @aCN@bBJSZM@c20201103
905    @b1266461-5@dG843.92@e604@f5
    
    新时代中国足球运动改革发展的思考/赵永峰著.-长春:吉林科学技术出版社,2020.03
    184页:图;24cm
    
    
    ISBN 978-7-5578-6116-2:CNY80.00
    本书共分九章,主要内容包括:足球运动发展概述;新时代足球运动文化的改革与发展;新时代足球运动产业的改革与发展;新时代足球运动教学的改革与发展;新时代足球运动训练的改革与发展;新时代足球运动员体能发展研究;新时代足球运动员技战术能力发展研究;新时代中国足球改革发展的整体思考等。
●
相关链接 在E读中查询图书 在五车中查询图书 在当当中查询图书 在豆瓣中查询图书


正题名:新时代中国足球运动改革发展的思考     索取号:G843.92/604         预约/预借

序号 登录号 条形码 馆藏地/架位号 状态 备注
1 1266461   212664614   教育系资料室/ [索取号:G843.92/604] 在馆    
2 1266462   212664623   教育系资料室/ [索取号:G843.92/604] 在馆    
3 1266463   212664632   教育系资料室/ [索取号:G843.92/604] 在馆    
4 1266464   212664641   第四借阅区/ [索取号:G843.92/604] 在馆    
5 1266465   212664650   第四借阅区/ [索取号:G843.92/604] 在馆    
6 1286893   212868930   第一样本阅览室/ [索取号:G843.92/604] 在馆    
7 1286894   212868949   第四借阅区/ [索取号:G843.92/604] 在馆    
8 1286895   212868958   第四借阅区/ [索取号:G843.92/604] 在馆    
9 1286896   212868967   第四借阅区/ [索取号:G843.92/604] 在馆    
唐山师范学院图书馆 欢迎您!
大连网信软件有限公司© 版权所有